000 00413nam a22001697a 4500
003 MACL
005 20160716164242.0
008 160716b xxu||||| |||| 00| 0 eng d
040 _cMACL
041 _aEnglish
082 _a823
100 _aBhagat, Chetan
_964563
245 _aHalf Girlfriend
_cChetan Bhagat
260 _aNew Delhi
_bRupa Publication
_c2014
650 _aNovel
_964564
942 _2ddc
_cHIN
999 _c54329
_d54329